|
|
|
|
| LEADER |
00000nab a2200000 ar4500 |
| 001 |
vtls010098057 |
| 003 |
SK-MaSNL |
| 005 |
20260303171315.0 |
| 008 |
100521c1973 xo |r|p|||||||000 b|slo |
| 015 |
|
|
|a SNBRB1973
|
| 038 |
|
|
|a SNKBUCL
|
| 040 |
|
|
|a SNKBUCL
|b slo
|c SNKBUCL
|e AACR2
|
| 041 |
|
|
|a slo
|
| 044 |
|
|
|a xo
|c SK
|
| 080 |
|
|
|a 82:06.063:821.162.4
|2 1997
|
| 100 |
1 |
|
|a Kamenistý, Ján,
|d 1941-
|4 aut
|9 103266
|
| 245 |
1 |
0 |
|a Modranský dobrý priemer
|c Ján Kamenistý
|
| 611 |
2 |
7 |
|a Štúrova Modra
|d (1973 :
|c Modra, Slovensko)
|2 snkbucl
|9 1195648
|
| 650 |
0 |
7 |
|a recitácie
|2 snkbucl
|9 31371
|
| 651 |
|
7 |
|a Modra (Slovensko)
|2 snkbucl
|9 15238
|
| 773 |
0 |
|
|t Smena
|g 11.7.1973, s. 6
|
| 852 |
|
|
|a SNK
|b KIS3GCP
|
| 958 |
|
|
|a SK
|
| 999 |
|
|
|c 2080751
|d 2082681
|